Biggest Trading Partners - Ukraine 2024 - Statistics

General Stats
  • This quiz has been taken 23 times
  • The average score is 18 of 21
Answer Stats
Answer % Correct
France
100%
Italy
100%
Poland
100%
United Kingdom
100%
United States
100%
Czechia
95%
Germany
95%
Spain
95%
Bulgaria
89%
China
89%
Greece
89%
Romania
89%
Türkiye
89%
Hungary
84%
Netherlands
84%
Slovakia
84%
Belgium
79%
Moldova
68%
India
63%
Egypt
53%
Lithuania
53%
No matching quizzes found
Score Distribution
Percent of People with Each Score
Percentile by Number Answered
Your Score History
You have not taken this quiz